| 000 | 00444nam a2200181Ia 4500 | ||
|---|---|---|---|
| 003 | LK-CoDNM | ||
| 005 | 20240913104620.0 | ||
| 008 | 010623t1944 xxu||||| |||| 00| 1 eng d | ||
| 040 |
_aLK-CoDNM _dLK-CoDNM _eLK-CoDNM |
||
| 041 | _aeng | ||
| 080 |
_a14 _bC24 |
||
| 100 | _aPieris,P.E. | ||
| 245 | _aThe Kingdom of Jafanapatam 1645 | ||
| 260 |
_bCeylon Daily News _a? _c1944 |
||
| 300 | _bii, 36p. : 21 cm | ||
| 650 | _aManar | ||
| 942 | _cBK | ||
| 999 |
_c100364 _d100364 |
||